| 000 | 00741nam a2200217 4500 | ||
|---|---|---|---|
| 001 | 9473 | ||
| 090 | _a9473 | ||
| 099 | _tLIVR | ||
| 100 | _a20260220d u||y0frey5050 ba | ||
| 101 | _afre | ||
| 102 |
_aTN _aFR |
||
| 200 |
_aCratères et Candélabres de marbre _bLIVR _etrouvés en mer près de Mahdia _fA. Merlin _fL. Poinssot |
||
| 210 |
_aTunis _cTournier éditeur _aParis _cVuibert éditeur _d1930 |
||
| 215 |
_a143, … p. _ccouv.n.b. _d28 x 19 |
||
| 225 |
_aDirection des Antiquités et des Arts _iNotes & Documents |
||
| 606 |
_aHistoire _xArchéologie _yMahdia _yTunisie _925844 |
||
| 676 | _a553.512 | ||
| 701 |
_4070 _aMerlin _bA. _925845 |
||
| 701 |
_4070 _aPoinssot _bL. _925846 |
||
| 801 |
_aTN _b32Bis _cYYYYMMDD _gAFNOR |
||
| 830 | _aABA | ||